Código de comercio

Saved in:
Bibliografiske detaljer
Format: Bog
Sprog:spansk
Udgivet: Santiago LexisNexis 2005
Udgivelse:5a. ed
Fag:
Tags: Tilføj Tag
Ingen Tags, Vær først til at tagge denne postø!

MARC

LEADER 00000nam a2200000 a 4500
001 UCK3874
003 CL-VaPUC
008 050513e20050000CL |||||||||||||||||spa|d
020 |a 9562384721 
082 0 4 |a 346.8307  |b COD  |2 21 
245 1 0 |a Código de comercio 
250 |a 5a. ed 
300 |a 982 p 
942 |c BK 
945 |d 20050513 00:00:00  |a cmena 
260 |a Santiago  |b LexisNexis  |c 2005 
500 |a Incluye: Citas de jurisprudencia. Anotaciones y concordancias. Indice temático 
500 |a Actualizada al 23 de marzo de 2005 
650 0 |a Código de comercio   |9 329302 
650 0 |a Derecho comercial chileno  |9 430902 
650 0 |a Contratos  |9 255153 
650 7 |a RESPONSABILIDAD CIVIL  |2 CL-VaPUC  |9 492226 
650 0 |a Comercio marítimo  |9 352895 
583 |a last modification  |c 20050513 00:00:00  |k Rodrigo Vera 
999 |c 312924  |d 312922 
952 |0 0  |1 0  |2 ddc  |4 0  |6 346_830700000000000_COD_2005  |7 0  |8 FOND_LRYV  |9 383799  |a BIBDER  |b BIBDER  |d 2019-11-22  |i 4125819  |o 346.8307 COD 2005  |p 4125819  |r 2023-01-25  |w 2019-11-22  |y BK_X  |k DER 
952 |0 0  |1 0  |2 ddc  |4 0  |6 346_830700000000000_COD_2005  |7 0  |8 FOND_LRYV  |9 383800  |a BIBDER  |b BIBDER  |d 2019-11-22  |i 4125827  |o 346.8307 COD 2005  |p 4125827  |r 2023-01-25  |w 2019-11-22  |y BK_X  |k DER